| 000 | 00414nam a2200157Ia 4500 | ||
|---|---|---|---|
| 001 | 3903 | ||
| 008 | 140317s9999 xx 000 0 und d | ||
| 040 | _cPK-LaUMT | ||
| 082 |
_a 658.409 _bADA-E |
||
| 100 | _aAdair, John | ||
| 245 |
_aEffective leadership _ba modern guide to developing leadership _cAdair, John |
||
| 260 |
_aNew Delhi,India: _bRupa Company, _c1988 |
||
| 300 | _a224 p. | ||
| 546 | _aEN | ||
| 942 | _cBK | ||
| 999 |
_c4147 _d4147 |
||